• 首页
  • 本馆介绍
  • 公告通知
  • 最新文献
  • 馆藏检索
  • 电子资源
  • 读者导购
  • 参考咨询
  • 我的图书馆
  • 登录
  • 详细信息显示
  • 放入我的书架
  • 预约/预借图书
  • 作者相关作品
  • 分类相关作品
  • 丛书相关作品
  • 出版社相关作品

书目信息

  • 表格格式
  • 工作单格式
  • 卡片格式
题名:
大学物理学学习指导
    
 
作者: 赵近芳, , 王登龙, 主编
分册:  
出版信息: 北京   北京邮电大学出版社  2014
页数: 232页
开本: 26cm
丛书名:
单 册:
中图分类: O4-42
科图分类:
主题词: 物理学--Wu Li Xue--高等教育--教学参考资料
电子资源:
ISBN: 978-7-5635-4164-5
000 00982nam0 2200277 450
001 012001002124
005 20191122092952.70
010    @a978-7-5635-4164-5@dCNY29.00
099    @aCAL 012015060721
100    @a20150520d2014 em y0chiy50 ea
101 0  @achi
102    @aCN@b110000
105    @aak z 000yy
106    @ar
200 1  @a大学物理学学习指导@ADa Xue Wu Li Xue Xue Xi Zhi Dao@f主编赵近芳, 王登龙
205    @a第4版
210    @a北京@c北京邮电大学出版社@d2014
215    @a232页@c图@d26cm
330    @a本书按教材篇章次序,分为:力学基础(包括相对论、振动与波)、热学、电磁学、波动学和量子论。每章由基本要求、学习指导、解题示例组成,并附有自测题。
333    @a“十二五”普通高等教育本科国家级规划教材
606 0  @a物理学@AWu Li Xue@x高等教育@j教学参考资料
690    @aO4-42@v5
701  0 @a赵近芳,@AZhao Jin Fang@f1964-@4主编
701  0 @a王登龙,@AWang Deng Long@f1971-@4主编
801  0 @aCN@b北京卓展@c20191020
905    @b1199622-5@dO4-42@e1034=4@f4
    
    大学物理学学习指导/主编赵近芳, 王登龙.-第4版.-北京:北京邮电大学出版社,2014
    232页:图;26cm
    使用对象:“十二五”普通高等教育本科国家级规划教材
    
    ISBN 978-7-5635-4164-5:CNY29.00
    本书按教材篇章次序,分为:力学基础(包括相对论、振动与波)、热学、电磁学、波动学和量子论。每章由基本要求、学习指导、解题示例组成,并附有自测题。
●
相关链接 在E读中查询图书 在五车中查询图书 在当当中查询图书 在豆瓣中查询图书


正题名:大学物理学学习指导     索取号:O4-42/1034=4         预约/预借

序号 登录号 条形码 馆藏地/架位号 状态 备注
1 1199622   211996223   第二样本阅览室/ [索取号:O4-42/1034=4] 在馆    
2 1199623   211996232   第三借阅区/ [索取号:O4-42/1034=4] 在馆    
3 1199624   211996241   第三借阅区/ [索取号:O4-42/1034=4] 在馆    
4 1199625   211996250   第三借阅区/ [索取号:O4-42/1034=4] 在馆    
唐山师范学院图书馆 欢迎您!
大连网信软件有限公司© 版权所有